000 00316cam a22001217a 4500
008 180718b1962 xxu||||| |||| 00| 0 eng d
082 _aA6x881 Sm 64
100 _aSmith, Raymond T.
245 _aBritish Guiana
_cby Raymond T. Smith
260 _aLondon
_bOxford
_c1962
300 _avi, 218p
650 _aGuyana -Maps.
999 _c413480
_d413480